[Event "ODJM B 2024"]
[Site "Willingen GER"]
[Date "2024.05.19"]
[Round "2"]
[White "Brückner, Julian"]
[Black "Mlynarski, Milosz"]
[Result "1-0"]
[Termination "normal"]
[Board "41"]
[WhiteElo "1766"]
[BlackElo "1663"]
[WhiteClock "00:32:41"]
[BlackClock "00:14:50"]
[PlyCount "107"]
[WhiteFideId "34630031"]
[BlackFideId "34636854"]
[EventCountry "GER"]
[EventRounds "9"]
[EventType "swiss"]
[EventDate "2024.05.18"]

1. e4 {[%clk 01:30:57]} {[%emt 00:00:02]} e5 {[%clk 01:30:49]} {[%emt
00:00:11]} 2. Nf3 {[%clk 01:31:08]} {[%emt 00:00:19]} Nc6 {[%clk 01:30:05]}
{[%emt 00:01:14]} 3. Bc4 {[%clk 01:30:45]} {[%emt 00:00:53]} Bc5 {[%clk
01:29:41]} {[%emt 00:00:55]} 4. c3 {[%clk 01:30:44]} {[%emt 00:00:31]} Nf6
{[%clk 01:29:56]} {[%emt 00:00:15]} 5. d4 {[%clk 01:30:54]} {[%emt 00:00:19]}
exd4 {[%clk 01:29:22]} {[%emt 00:01:03]} 6. cxd4 {[%clk 01:31:00]} {[%emt
00:00:25]} Bb4+ {[%clk 01:29:42]} {[%emt 00:00:11]} 7. Bd2 {[%clk 01:31:18]}
{[%emt 00:00:11]} O-O {[%clk 01:23:26]} {[%emt 00:06:46]} 8. Bxb4 {[%clk
01:29:38]} {[%emt 00:02:10]} Nxb4 {[%clk 01:23:47]} {[%emt 00:00:09]} 9. a3
{[%clk 01:28:42]} {[%emt 00:01:27]} Qe7 {[%clk 01:16:56]} {[%emt 00:07:21]} 10.
axb4 {[%clk 01:16:23]} {[%emt 00:12:48]} Qxb4+ {[%clk 01:17:11]} {[%emt
00:00:14]} 11. Nbd2 {[%clk 01:16:42]} {[%emt 00:00:12]} Nxe4 {[%clk 01:17:16]}
{[%emt 00:00:25]} 12. Qb3 {[%clk 01:16:02]} {[%emt 00:01:09]} Qxb3 {[%clk
01:02:55]} {[%emt 00:14:52]} 13. Bxb3 {[%clk 01:16:03]} {[%emt 00:00:28]} Re8
{[%clk 01:02:27]} {[%emt 00:00:57]} 14. Ne5 {[%clk 01:15:58]} {[%emt 00:00:36]}
Ng5 {[%clk 00:56:55]} {[%emt 00:06:02]} 15. h4 {[%clk 01:16:15]} {[%emt
00:00:13]} d6 {[%clk 00:56:38]} {[%emt 00:00:47]} 16. hxg5 {[%clk 01:15:49]}
{[%emt 00:00:57]} dxe5 {[%clk 00:56:59]} {[%emt 00:00:09]} 17. dxe5 {[%clk
01:15:44]} {[%emt 00:00:35]} Rxe5+ {[%clk 00:56:58]} {[%emt 00:00:30]} 18. Kf1
{[%clk 01:15:35]} {[%emt 00:00:38]} Rxg5 {[%clk 00:39:50]} {[%emt 00:17:39]}
19. Re1 {[%clk 01:15:11]} {[%emt 00:00:55]} Bd7 {[%clk 00:37:19]} {[%emt
00:03:00]} 20. Re7 {[%clk 01:13:09]} {[%emt 00:02:32]} Bc6 {[%clk 00:33:07]}
{[%emt 00:04:43]} 21. f3 {[%clk 01:11:29]} {[%emt 00:02:09]} Bd5 {[%clk
00:31:20]} {[%emt 00:02:16]} 22. Bxd5 {[%clk 01:07:03]} {[%emt 00:04:57]} Rxd5
{[%clk 00:31:42]} {[%emt 00:00:08]} 23. Ke2 {[%clk 01:07:21]} {[%emt 00:00:12]}
Rb5 {[%clk 00:19:21]} {[%emt 00:12:51]} 24. Rxc7 {[%clk 01:06:56]} {[%emt
00:00:56]} Rxb2 {[%clk 00:19:25]} {[%emt 00:00:25]} 25. Rb1 {[%clk 01:04:41]}
{[%emt 00:02:44]} Rxb1 {[%clk 00:10:20]} {[%emt 00:09:36]} 26. Nxb1 {[%clk
01:02:58]} {[%emt 00:02:12]} Rb8 {[%clk 00:10:26]} {[%emt 00:00:24]} 27. Nc3
{[%clk 01:02:24]} {[%emt 00:01:04]} f6 {[%clk 00:08:29]} {[%emt 00:02:27]} 28.
Nb5 {[%clk 01:00:01]} {[%emt 00:02:53]} a6 {[%clk 00:07:09]} {[%emt 00:01:50]}
29. Nd6 {[%clk 00:59:40]} {[%emt 00:00:51]} b6 {[%clk 00:07:18]} {[%emt
00:00:21]} 30. Ra7 {[%clk 00:59:16]} {[%emt 00:00:54]} Rd8 {[%clk 00:05:43]}
{[%emt 00:02:05]} 31. Nc4 {[%clk 00:58:54]} {[%emt 00:00:52]} b5 {[%clk
00:05:49]} {[%emt 00:00:24]} 32. Nb6 {[%clk 00:57:15]} {[%emt 00:02:09]} Rb8
{[%clk 00:05:29]} {[%emt 00:00:50]} 33. Rxa6 {[%clk 00:56:58]} {[%emt
00:00:47]} b4 {[%clk 00:05:06]} {[%emt 00:00:52]} 34. Ra8 {[%clk 00:56:20]}
{[%emt 00:01:08]} Rxa8 {[%clk 00:05:27]} {[%emt 00:00:10]} 35. Nxa8 {[%clk
00:56:38]} {[%emt 00:00:12]} b3 {[%clk 00:05:53]} {[%emt 00:00:04]} 36. Kd3
{[%clk 00:56:54]} {[%emt 00:00:14]} b2 {[%clk 00:06:12]} {[%emt 00:00:11]} 37.
Kc2 {[%clk 00:57:18]} {[%emt 00:00:06]} b1=Q+ {[%clk 00:06:34]} {[%emt
00:00:08]} 38. Kxb1 {[%clk 00:57:37]} {[%emt 00:00:11]} Kf7 {[%clk 00:06:59]}
{[%emt 00:00:04]} 39. Kc2 {[%clk 00:58:00]} {[%emt 00:00:08]} Kg6 {[%clk
00:07:14]} {[%emt 00:00:14]} 40. Kd3 {[%clk 00:58:20]} {[%emt 00:00:11]} Kf5
{[%clk 00:07:24]} {[%emt 00:00:20]} 41. Ke3 {[%clk 00:58:22]} {[%emt 00:00:28]}
h5 {[%clk 00:07:19]} {[%emt 00:00:34]} 42. Nc7 {[%clk 00:58:09]} {[%emt
00:00:44]} g5 {[%clk 00:07:16]} {[%emt 00:00:32]} 43. Ne8 {[%clk 00:48:11]}
{[%emt 00:10:29]} g4 {[%clk 00:04:27]} {[%emt 00:03:18]} 44. Nd6+ {[%clk
00:43:57]} {[%emt 00:04:45]} Ke6 {[%clk 00:03:14]} {[%emt 00:01:44]} 45. fxg4
{[%clk 00:35:45]} {[%emt 00:08:42]} hxg4 {[%clk 00:03:18]} {[%emt 00:00:26]}
46. Ne4 {[%clk 00:33:54]} {[%emt 00:02:22]} Kf5 {[%clk 00:02:26]} {[%emt
00:01:22]} 47. g3 {[%clk 00:10:46]} {[%emt 00:23:38]} Ke5 {[%clk 00:29:10]}
{[%emt 00:03:45]} 48. Nf2 {[%clk 00:37:25]} {[%emt 00:03:51]} Kf5 {[%clk
00:27:11]} {[%emt 00:02:29]} 49. Kd4 {[%clk 00:35:27]} {[%emt 00:02:28]} Kg5
{[%clk 00:25:10]} {[%emt 00:02:31]} 50. Ke4 {[%clk 00:33:50]} {[%emt 00:02:07]}
f5+ {[%clk 00:15:59]} {[%emt 00:09:42]} 51. Ke5 {[%clk 00:32:11]} {[%emt
00:02:10]} Kh6 {[%clk 00:15:20]} {[%emt 00:01:08]} 52. Kxf5 {[%clk 00:32:30]}
{[%emt 00:00:11]} Kg7 {[%clk 00:14:26]} {[%emt 00:01:24]} 53. Kxg4 {[%clk
00:32:35]} {[%emt 00:00:25]} Kg6 {[%clk 00:14:50]} {[%emt 00:00:06]} 54. Nd3
{[%clk 00:32:41]} {[%emt 00:00:24]} 1-0

[Event "ODJM B 2024"]
[Site "Willingen GER"]
[Date "2024.05.19"]
[Round "2"]
[White "Barthelmes, Venice"]
[Black "Hensen, Malte"]
[Result "1/2-1/2"]
[Termination "normal"]
[Board "42"]
[WhiteElo "1655"]
[BlackElo "1537"]
[WhiteClock "00:26:37"]
[BlackClock "01:49:13"]
[PlyCount "90"]
[WhiteFideId "16261003"]
[BlackFideId "34660356"]
[EventCountry "GER"]
[EventRounds "9"]
[EventType "swiss"]
[EventDate "2024.05.18"]

1. e4 {[%clk 01:30:56]} {[%emt 00:00:03]} c6 {[%clk 01:30:57]} {[%emt
00:00:04]} 2. d4 {[%clk 01:30:39]} {[%emt 00:00:46]} d5 {[%clk 01:31:18]}
{[%emt 00:00:09]} 3. e5 {[%clk 01:29:45]} {[%emt 00:01:24]} Bf5 {[%clk
01:31:43]} {[%emt 00:00:06]} 4. Nf3 {[%clk 01:29:13]} {[%emt 00:01:01]} e6
{[%clk 01:32:06]} {[%emt 00:00:07]} 5. Be2 {[%clk 01:27:54]} {[%emt 00:01:48]}
Nd7 {[%clk 01:32:31]} {[%emt 00:00:05]} 6. O-O {[%clk 01:27:17]} {[%emt
00:01:07]} Ne7 {[%clk 01:32:29]} {[%emt 00:00:33]} 7. Nh4 {[%clk 01:24:34]}
{[%emt 00:03:12]} Be4 {[%clk 01:32:29]} {[%emt 00:00:30]} 8. Nd2 {[%clk
01:23:36]} {[%emt 00:01:28]} Nf5 {[%clk 01:31:54]} {[%emt 00:01:06]} 9. Nxf5
{[%clk 01:21:57]} {[%emt 00:02:08]} Bxf5 {[%clk 01:32:17]} {[%emt 00:00:08]}
10. Nf3 {[%clk 01:18:18]} {[%emt 00:04:09]} a6 {[%clk 01:32:26]} {[%emt
00:00:21]} 11. Re1 {[%clk 01:12:26]} {[%emt 00:06:20]} Be7 {[%clk 01:32:05]}
{[%emt 00:00:52]} 12. a4 {[%clk 01:05:49]} {[%emt 00:07:07]} O-O {[%clk
01:31:56]} {[%emt 00:00:40]} 13. b3 {[%clk 01:05:52]} {[%emt 00:00:27]} b5
{[%clk 01:31:07]} {[%emt 00:01:19]} 14. a5 {[%clk 01:02:17]} {[%emt 00:04:06]}
c5 {[%clk 01:27:27]} {[%emt 00:04:10]} 15. c3 {[%clk 01:00:50]} {[%emt
00:01:56]} c4 {[%clk 01:26:25]} {[%emt 00:01:33]} 16. b4 {[%clk 00:55:04]}
{[%emt 00:06:16]} f6 {[%clk 01:26:30]} {[%emt 00:00:25]} 17. Bf4 {[%clk
00:51:31]} {[%emt 00:04:03]} fxe5 {[%clk 01:26:29]} {[%emt 00:00:31]} 18. Bxe5
{[%clk 00:50:27]} {[%emt 00:01:34]} Nf6 {[%clk 01:26:20]} {[%emt 00:00:38]} 19.
h3 {[%clk 00:38:55]} {[%emt 00:12:02]} Bd6 {[%clk 01:26:17]} {[%emt 00:00:34]}
20. Qc1 {[%clk 00:36:17]} {[%emt 00:03:08]} Ne4 {[%clk 01:26:13]} {[%emt
00:00:33]} 21. Bd1 {[%clk 00:33:59]} {[%emt 00:02:49]} Bxe5 {[%clk 01:26:06]}
{[%emt 00:00:38]} 22. dxe5 {[%clk 00:33:12]} {[%emt 00:01:17]} Qe7 {[%clk
01:23:51]} {[%emt 00:02:45]} 23. h4 {[%clk 00:27:01]} {[%emt 00:06:40]} Bg4
{[%clk 01:23:53]} {[%emt 00:00:30]} 24. Re3 {[%clk 00:14:45]} {[%emt 00:12:46]}
Bxf3 {[%clk 01:21:50]} {[%emt 00:02:32]} 25. Bxf3 {[%clk 00:14:02]} {[%emt
00:01:13]} Qxh4 {[%clk 01:22:03]} {[%emt 00:00:17]} 26. Qc2 {[%clk 00:12:20]}
{[%emt 00:02:12]} Ng5 {[%clk 01:21:53]} {[%emt 00:00:40]} 27. Qe2 {[%clk
00:11:05]} {[%emt 00:01:45]} Nxf3+ {[%clk 01:21:29]} {[%emt 00:00:54]} 28. Rxf3
{[%clk 00:11:23]} {[%emt 00:00:13]} Rxf3 {[%clk 01:21:20]} {[%emt 00:00:38]}
29. Qxf3 {[%clk 00:11:42]} {[%emt 00:00:10]} Rf8 {[%clk 01:21:45]} {[%emt
00:00:05]} 30. Qe3 {[%clk 00:11:05]} {[%emt 00:01:07]} Qf4 {[%clk 01:21:24]}
{[%emt 00:00:51]} 31. Qb6 {[%clk 00:08:55]} {[%emt 00:02:41]} Qxe5 {[%clk
01:20:48]} {[%emt 00:01:07]} 32. Qxa6 {[%clk 00:07:58]} {[%emt 00:01:27]} Qxc3
{[%clk 01:20:59]} {[%emt 00:00:19]} 33. Qxe6+ {[%clk 00:08:19]} {[%emt
00:00:09]} Kh8 {[%clk 01:21:23]} {[%emt 00:00:06]} 34. Rd1 {[%clk 00:04:12]}
{[%emt 00:04:37]} Qxb4 {[%clk 01:21:06]} {[%emt 00:00:48]} 35. a6 {[%clk
00:04:12]} {[%emt 00:00:30]} Qc5 {[%clk 01:21:23]} {[%emt 00:00:12]} 36. Rxd5
{[%clk 00:03:10]} {[%emt 00:01:31]} Qxf2+ {[%clk 01:21:37]} {[%emt 00:00:16]}
37. Kh2 {[%clk 00:03:36]} {[%emt 00:00:04]} c3 {[%clk 01:21:32]} {[%emt
00:00:35]} 38. Qc6 {[%clk 00:02:17]} {[%emt 00:01:49]} c2 {[%clk 01:21:46]}
{[%emt 00:00:17]} 39. Rc5 {[%clk 00:02:12]} {[%emt 00:00:35]} Qh4+ {[%clk
01:21:01]} {[%emt 00:01:14]} 40. Kg1 {[%clk 00:01:56]} {[%emt 00:00:46]} Qe1+
{[%clk 01:21:00]} {[%emt 00:00:31]} 41. Kh2 {[%clk 00:01:40]} {[%emt 00:00:46]}
h6 {[%clk 01:21:04]} {[%emt 00:00:26]} 42. Rxc2 {[%clk 00:28:03]} {[%emt
00:04:07]} Re8 {[%clk 01:51:05]} {[%emt 00:00:28]} 43. Rc3 {[%clk 00:26:13]}
{[%emt 00:02:21]} Qh4+ {[%clk 01:50:34]} {[%emt 00:01:01]} 44. Rh3 {[%clk
00:26:24]} {[%emt 00:00:19]} Qf4+ {[%clk 01:50:42]} {[%emt 00:00:21]} 45. Rg3
{[%clk 00:26:37]} {[%emt 00:00:18]} Qh4+ {[%clk 01:49:13]} {[%emt 00:01:59]}
1/2-1/2

[Event "ODJM B 2024"]
[Site "Willingen GER"]
[Date "2024.05.19"]
[Round "2"]
[White "Hoffmann, Svenja"]
[Black "Meijers, Jaroslav"]
[Result "0-1"]
[Termination "normal"]
[Board "43"]
[WhiteElo "1621"]
[BlackElo "1704"]
[WhiteClock "01:15:26"]
[BlackClock "00:01:31"]
[PlyCount "100"]
[WhiteFideId "16287312"]
[BlackFideId "34143297"]
[EventCountry "GER"]
[EventRounds "9"]
[EventType "swiss"]
[EventDate "2024.05.18"]

1. e4 {[%clk 01:30:57]} {[%emt 00:00:02]} c5 {[%clk 01:30:45]} {[%emt
00:00:15]} 2. Nf3 {[%clk 01:31:23]} {[%emt 00:00:05]} e6 {[%clk 01:31:08]}
{[%emt 00:00:07]} 3. d4 {[%clk 01:31:48]} {[%emt 00:00:04]} cxd4 {[%clk
01:31:28]} {[%emt 00:00:11]} 4. Nxd4 {[%clk 01:32:13]} {[%emt 00:00:04]} Nf6
{[%clk 01:31:40]} {[%emt 00:00:18]} 5. Nc3 {[%clk 01:32:34]} {[%emt 00:00:09]}
Nc6 {[%clk 01:32:01]} {[%emt 00:00:09]} 6. Be3 {[%clk 01:32:59]} {[%emt
00:00:05]} Bb4 {[%clk 01:32:12]} {[%emt 00:00:20]} 7. f3 {[%clk 01:33:08]}
{[%emt 00:00:21]} d5 {[%clk 01:27:24]} {[%emt 00:05:18]} 8. a3 {[%clk
01:32:44]} {[%emt 00:00:54]} Bxc3+ {[%clk 01:25:05]} {[%emt 00:02:49]} 9. bxc3
{[%clk 01:32:58]} {[%emt 00:00:16]} Qa5 {[%clk 00:46:46]} {[%emt 00:38:49]} 10.
Qd3 {[%clk 01:30:28]} {[%emt 00:02:59]} dxe4 {[%clk 00:40:48]} {[%emt
00:06:30]} 11. fxe4 {[%clk 01:29:22]} {[%emt 00:01:35]} O-O {[%clk 00:26:10]}
{[%emt 00:15:08]} 12. Nb3 {[%clk 01:28:18]} {[%emt 00:01:34]} Qe5 {[%clk
00:20:44]} {[%emt 00:05:54]} 13. Nd2 {[%clk 01:20:01]} {[%emt 00:08:48]} Rd8
{[%clk 00:19:15]} {[%emt 00:01:59]} 14. Qc4 {[%clk 01:19:54]} {[%emt 00:00:36]}
Ng4 {[%clk 00:08:03]} {[%emt 00:11:42]} 15. Nf3 {[%clk 01:18:59]} {[%emt
00:01:25]} Nxe3 {[%clk 00:08:03]} {[%emt 00:00:30]} 16. Nxe5 {[%clk 01:19:21]}
{[%emt 00:00:08]} Nxc4 {[%clk 00:08:25]} {[%emt 00:00:08]} 17. Nxc4 {[%clk
01:19:45]} {[%emt 00:00:06]} b5 {[%clk 00:08:16]} {[%emt 00:00:39]} 18. Nd2
{[%clk 01:19:35]} {[%emt 00:00:41]} a6 {[%clk 00:07:57]} {[%emt 00:00:49]} 19.
Be2 {[%clk 01:19:28]} {[%emt 00:00:36]} Bb7 {[%clk 00:07:36]} {[%emt 00:00:51]}
20. O-O-O {[%clk 01:17:24]} {[%emt 00:02:34]} Ne5 {[%clk 00:05:09]} {[%emt
00:02:57]} 21. Rhe1 {[%clk 01:15:44]} {[%emt 00:02:10]} Rac8 {[%clk 00:04:34]}
{[%emt 00:01:05]} 22. Nf3 {[%clk 01:14:49]} {[%emt 00:01:25]} Nxf3 {[%clk
00:01:46]} {[%emt 00:03:18]} 23. Bxf3 {[%clk 01:14:22]} {[%emt 00:00:57]} g6
{[%clk 00:01:49]} {[%emt 00:00:28]} 24. Rxd8+ {[%clk 01:14:27]} Rxd8 {[%clk
00:02:14]} {[%emt 00:00:30]} 25. Re3 {[%clk 01:14:29]} {[%emt 00:00:27]} Rc8
{[%clk 00:01:44]} {[%emt 00:01:00]} 26. Kb2 {[%clk 01:14:48]} {[%emt 00:00:11]}
Kg7 {[%clk 00:01:38]} {[%emt 00:00:37]} 27. e5 {[%clk 01:14:38]} {[%emt
00:00:39]} Bxf3 {[%clk 00:01:21]} {[%emt 00:00:47]} 28. Rxf3 {[%clk 01:15:00]}
{[%emt 00:00:08]} Rc5 {[%clk 00:01:43]} {[%emt 00:00:08]} 29. Re3 {[%clk
01:15:13]} {[%emt 00:00:17]} h5 {[%clk 00:01:51]} {[%emt 00:00:23]} 30. Kb3
{[%clk 01:15:28]} {[%emt 00:00:15]} g5 {[%clk 00:01:38]} {[%emt 00:00:43]} 31.
h3 {[%clk 01:15:45]} {[%emt 00:00:12]} Kg6 {[%clk 00:01:55]} {[%emt 00:00:13]}
32. g4 {[%clk 01:16:09]} {[%emt 00:00:06]} hxg4 {[%clk 00:02:16]} {[%emt
00:00:09]} 33. hxg4 {[%clk 01:16:22]} {[%emt 00:00:16]} Rc4 {[%clk 00:02:32]}
{[%emt 00:00:15]} 34. Rd3 {[%clk 01:16:10]} {[%emt 00:00:42]} Rxg4 {[%clk
00:02:48]} {[%emt 00:00:14]} 35. Rd6 {[%clk 01:16:30]} {[%emt 00:00:10]} Ra4
{[%clk 00:02:35]} {[%emt 00:00:43]} 36. c4 {[%clk 01:16:12]} {[%emt 00:00:49]}
Rxc4 {[%clk 00:02:57]} {[%emt 00:00:08]} 37. Rxa6 {[%clk 01:16:36]} {[%emt
00:00:05]} g4 {[%clk 00:02:50]} {[%emt 00:00:37]} 38. Ra8 {[%clk 01:16:07]}
{[%emt 00:00:59]} Kg5 {[%clk 00:01:19]} {[%emt 00:02:02]} 39. Rb8 {[%clk
01:16:07]} {[%emt 00:00:30]} Rc5 {[%clk 00:01:05]} {[%emt 00:00:44]} 40. c3
{[%clk 01:15:02]} {[%emt 00:01:36]} Rxe5 {[%clk 00:01:10]} {[%emt 00:00:25]}
41. a4 {[%clk 01:14:44]} {[%emt 00:00:48]} bxa4+ {[%clk 00:01:24]} {[%emt
00:00:16]} 42. Kxa4 {[%clk 01:15:08]} {[%emt 00:00:06]} Kf4 {[%clk 00:00:55]}
{[%emt 00:00:59]} 43. c4 {[%clk 01:15:13]} {[%emt 00:00:25]} g3 {[%clk
00:00:58]} {[%emt 00:00:27]} 44. Rb2 {[%clk 01:14:53]} {[%emt 00:00:50]} Kf3
{[%clk 00:01:05]} {[%emt 00:00:23]} 45. Rb3+ {[%clk 01:14:38]} {[%emt
00:00:45]} Re3 {[%clk 00:01:17]} {[%emt 00:00:18]} 46. Rb1 {[%clk 01:15:00]}
{[%emt 00:00:07]} g2 {[%clk 00:01:05]} {[%emt 00:00:43]} 47. c5 {[%clk
01:15:15]} {[%emt 00:00:15]} Kf2 {[%clk 00:01:12]} {[%emt 00:00:23]} 48. c6
{[%clk 01:15:28]} {[%emt 00:00:17]} g1=Q {[%clk 00:00:54]} {[%emt 00:00:47]}
49. Rxg1 {[%clk 01:15:00]} {[%emt 00:00:58]} Kxg1 {[%clk 00:01:17]} {[%emt
00:00:07]} 50. Kb4 {[%clk 01:15:26]} {[%emt 00:00:05]} Re1 {[%clk 00:01:31]}
{[%emt 00:00:16]} 0-1

[Event "ODJM B 2024"]
[Site "Willingen GER"]
[Date "2024.05.19"]
[Round "2"]
[White "Rotärmel, Leonie"]
[Black "Reif, Karla"]
[Result "1/2-1/2"]
[Termination "normal"]
[Board "45"]
[WhiteElo "1674"]
[BlackElo "1701"]
[WhiteClock "00:00:49"]
[BlackClock "00:37:17"]
[PlyCount "95"]
[WhiteFideId "16281390"]
[BlackFideId "12971871"]
[EventCountry "GER"]
[EventRounds "9"]
[EventType "swiss"]
[EventDate "2024.05.18"]

1. e4 {[%clk 01:30:58]} {[%emt 00:00:02]} c6 {[%clk 01:30:56]} {[%emt
00:00:05]} 2. d4 {[%clk 01:31:20]} {[%emt 00:00:07]} d5 {[%clk 01:31:21]}
{[%emt 00:00:05]} 3. Nc3 {[%clk 01:31:44]} {[%emt 00:00:05]} dxe4 {[%clk
01:31:13]} {[%emt 00:00:39]} 4. Nxe4 {[%clk 01:32:06]} {[%emt 00:00:08]} Nd7
{[%clk 01:31:39]} {[%emt 00:00:05]} 5. c3 {[%clk 01:32:19]} {[%emt 00:00:16]}
Ngf6 {[%clk 01:32:03]} {[%emt 00:00:06]} 6. Nxf6+ {[%clk 01:32:44]} {[%emt
00:00:06]} Nxf6 {[%clk 01:32:29]} {[%emt 00:00:04]} 7. Bd3 {[%clk 01:32:36]}
{[%emt 00:00:37]} Bg4 {[%clk 01:30:54]} {[%emt 00:02:05]} 8. f3 {[%clk
01:29:39]} {[%emt 00:03:28]} Bh5 {[%clk 01:31:18]} {[%emt 00:00:06]} 9. Ne2
{[%clk 01:29:50]} {[%emt 00:00:18]} e6 {[%clk 01:31:15]} {[%emt 00:00:34]} 10.
Qc2 {[%clk 01:11:21]} {[%emt 00:18:59]} Bg6 {[%clk 01:27:42]} {[%emt 00:04:03]}
11. Nf4 {[%clk 01:01:03]} {[%emt 00:10:47]} Bxd3 {[%clk 01:27:33]} {[%emt
00:00:40]} 12. Qxd3 {[%clk 00:59:45]} {[%emt 00:01:47]} Bd6 {[%clk 01:26:12]}
{[%emt 00:01:52]} 13. O-O {[%clk 00:55:26]} {[%emt 00:04:48]} Qc7 {[%clk
01:24:07]} {[%emt 00:02:36]} 14. g3 {[%clk 00:53:13]} {[%emt 00:02:42]} h5
{[%clk 01:21:01]} {[%emt 00:03:35]} 15. Ng2 {[%clk 00:47:06]} {[%emt 00:06:37]}
O-O-O {[%clk 01:06:07]} {[%emt 00:15:26]} 16. Qe2 {[%clk 00:38:45]} {[%emt
00:08:50]} Rdg8 {[%clk 00:55:49]} {[%emt 00:10:48]} 17. Bf4 {[%clk 00:29:33]}
{[%emt 00:09:43]} Bxf4 {[%clk 00:48:19]} {[%emt 00:08:00]} 18. Nxf4 {[%clk
00:27:47]} {[%emt 00:02:15]} g5 {[%clk 00:40:31]} {[%emt 00:08:19]} 19. Ng2
{[%clk 00:18:25]} {[%emt 00:09:51]} h4 {[%clk 00:38:17]} {[%emt 00:02:45]} 20.
Qe5 {[%clk 00:10:04]} {[%emt 00:08:51]} Nd5 {[%clk 00:28:38]} {[%emt 00:10:09]}
21. Qxc7+ {[%clk 00:09:05]} {[%emt 00:01:28]} Kxc7 {[%clk 00:29:06]} {[%emt
00:00:03]} 22. Kf2 {[%clk 00:07:05]} {[%emt 00:02:29]} hxg3+ {[%clk 00:28:30]}
{[%emt 00:01:07]} 23. hxg3 {[%clk 00:06:44]} {[%emt 00:00:50]} f5 {[%clk
00:27:34]} {[%emt 00:01:27]} 24. Rh1 {[%clk 00:03:53]} {[%emt 00:03:21]} f4
{[%clk 00:27:56]} {[%emt 00:00:08]} 25. gxf4 {[%clk 00:03:28]} {[%emt
00:00:54]} Nxf4 {[%clk 00:27:50]} {[%emt 00:00:37]} 26. Nxf4 {[%clk 00:03:41]}
{[%emt 00:00:17]} gxf4 {[%clk 00:28:14]} {[%emt 00:00:06]} 27. Rag1 {[%clk
00:02:48]} {[%emt 00:01:21]} Rxg1 {[%clk 00:28:30]} {[%emt 00:00:15]} 28. Rxg1
{[%clk 00:02:03]} {[%emt 00:01:15]} Rh2+ {[%clk 00:28:53]} {[%emt 00:00:07]}
29. Rg2 {[%clk 00:02:30]} {[%emt 00:00:03]} Rh1 {[%clk 00:21:16]} {[%emt
00:08:07]} 30. Ke2 {[%clk 00:01:32]} {[%emt 00:01:28]} b5 {[%clk 00:21:03]}
{[%emt 00:00:44]} 31. Kd3 {[%clk 00:01:25]} {[%emt 00:00:36]} Rh3 {[%clk
00:20:42]} {[%emt 00:00:51]} 32. Ke4 {[%clk 00:01:38]} {[%emt 00:00:18]} Kd6
{[%clk 00:19:44]} {[%emt 00:01:28]} 33. Kxf4 {[%clk 00:01:33]} {[%emt
00:00:34]} Rh1 {[%clk 00:20:02]} {[%emt 00:00:12]} 34. Re2 {[%clk 00:01:13]}
{[%emt 00:00:50]} Rd1 {[%clk 00:20:06]} {[%emt 00:00:27]} 35. Ke4 {[%clk
00:01:07]} {[%emt 00:00:35]} a5 {[%clk 00:16:39]} {[%emt 00:03:57]} 36. b3
{[%clk 00:00:38]} {[%emt 00:01:00]} Rh1 {[%clk 00:17:05]} {[%emt 00:00:04]} 37.
c4 {[%clk 00:00:48]} {[%emt 00:00:20]} Rh4+ {[%clk 00:16:45]} {[%emt 00:00:50]}
38. Kd3 {[%clk 00:00:37]} {[%emt 00:00:41]} Rf4 {[%clk 00:16:41]} {[%emt
00:00:32]} 39. Re3 {[%clk 00:00:41]} {[%emt 00:00:28]} c5 {[%clk 00:16:15]}
{[%emt 00:00:56]} 40. dxc5+ {[%clk 00:00:54]} {[%emt 00:00:16]} Kxc5 {[%clk
00:16:06]} {[%emt 00:00:39]} 41. cxb5 {[%clk 00:28:56]} {[%emt 00:02:28]} Kxb5
{[%clk 00:45:17]} {[%emt 00:01:19]} 42. Re5+ {[%clk 00:04:43]} {[%emt
00:24:43]} Kb4 {[%clk 00:43:59]} {[%emt 00:01:48]} 43. Re4+ {[%clk 00:02:32]}
{[%emt 00:02:42]} Rxe4 {[%clk 00:44:19]} {[%emt 00:00:10]} 44. Kxe4 {[%clk
00:02:39]} {[%emt 00:00:22]} Ka3 {[%clk 00:43:25]} {[%emt 00:01:24]} 45. Kd3
{[%clk 00:02:55]} {[%emt 00:00:14]} Kxa2 {[%clk 00:41:57]} {[%emt 00:01:58]}
46. Kc3 {[%clk 00:02:16]} {[%emt 00:01:09]} Kb1 {[%clk 00:37:30]} {[%emt
00:04:57]} 47. f4 {[%clk 00:00:53]} {[%emt 00:01:53]} Kc1 {[%clk 00:37:17]}
{[%emt 00:00:42]} 48. Kd3 {[%clk 00:00:49]} {[%emt 00:00:34]} 1/2-1/2